| 000 | 00381 a2200133 4500 | ||
|---|---|---|---|
| 001 | 89144 | ||
| 082 | _aPR 871 | ||
| 090 |
_c42092 _d42092 |
||
| 100 | _aMansoor Ahmed Khan | ||
| 245 |
_aDesign and fabrication of manpowered aircraft, fuselage and propulsion system _bfuselage and propulsion system |
||
| 260 |
_aKarachi _bNED _c1984 |
||
| 300 | _a80p. | ||
| 500 | _aBE Project Reports | ||
| 942 |
_aCAE NUST _kPR 871 |
||
| 999 |
_c324217 _d324217 |
||